مقدمة في أمن الشبكات / (رقم التسجيلة. 5339)

تفاصيل مارك
000 -LEADER
fixed length control field 00582nam a22001817a 4500
005 - DATE AND TIME OF LATEST TRANSACTION
control field 20251108164151.0
008 - FIXED-LENGTH DATA ELEMENTS--GENERAL INFORMATION
fixed length control field 250721s2010 xx 000 0 ara d
082 14 - DEWEY DECIMAL CLASSIFICATION NUMBER
Classification number 005.8/زعن
100 1# - MAIN ENTRY--PERSONAL NAME
Personal name أبو زعنونة، مروان العبد محمد
245 10 - TITLE STATEMENT
Title مقدمة في أمن الشبكات /
246 11 - VARYING FORM OF TITLE
Title proper/short title Network security
264 1# - PRODUCTION, PUBLICATION, DISTRIBUTION, MANUFACTURE, AND COPYRIGHT NOTICE
Place of production, publication, distribution, manufacture عمان :
Name of producer, publisher, distributor, manufacturer دار المعتز للنشر و التوزيع،
Date of production, publication, distribution, manufacture, or copyright notice 2010.
300 ## - PHYSICAL DESCRIPTION
Extent 174ص.
650 17 - SUBJECT ADDED ENTRY--TOPICAL TERM
Topical term or geographic name as entry element ادارة الحاسوب
700 1# - ADDED ENTRY--PERSONAL NAME
Personal name الصويتي، علاء الدين محمد
942 ## - ADDED ENTRY ELEMENTS (KOHA)
Source of classification or shelving scheme Dewey Decimal Classification
Koha item type كتب
المقتنيات
حالة السحب حالة الفقدان مصدر التصنيف حالة التلف غير قابل للإعارة المكتبة الرئيسية المكتبة الحالية موقع الرف تاريخ التزويد الرقم المتسلسل Total Checkouts رقم الإستدعاء الباركود تاريخ آخر ظهور تاريخ الفاتورة نوع المادة (كوها)
    Dewey Decimal Classification     مكتبة أبو علندا العامة مكتبة أبو علندا العامة الإعارة 22/12/2011 1506399   005.8/زعن PLD00236681 28/07/2025 22/12/2011 كتب
    Dewey Decimal Classification     مكتبة أم قصير والمقابلين العامة مكتبة أم قصير والمقابلين العامة الإعارة 22/12/2011 1506406   005.8/زعن PLD00236688 28/07/2025 22/12/2011 كتب
    Dewey Decimal Classification     مكتبة الأميرة ايمان العامة مكتبة الأميرة ايمان العامة الإعارة 22/12/2011 1506400   005.8/زعن PLD00236682 28/07/2025 22/12/2011 كتب
    Dewey Decimal Classification     مكتبة الجويدة مكتبة الجويدة الإعارة 22/12/2011 1506401   005.8/زعن PLD00236683 28/07/2025 22/12/2011 كتب
    Dewey Decimal Classification     مكتبة الحسن العامة مكتبة الحسن العامة الإعارة 22/12/2011 1506404   005.8/زعن PLD00236686 28/07/2025 22/12/2011 كتب
    Dewey Decimal Classification     مكتبة حمزة العامة مكتبة حمزة العامة الإعارة 22/12/2011 1506402   005.8/زعن PLD00236684 28/07/2025 22/12/2011 كتب
    Dewey Decimal Classification     مكتبة صويلح العامة مكتبة صويلح العامة الإعارة 22/12/2011 1506403   005.8/زعن PLD00236685 28/07/2025 22/12/2011 كتب
    Dewey Decimal Classification     مكتبة وادي السير العامة مكتبة وادي السير العامة الإعارة 22/12/2011 1506405   005.8/زعن PLD00236687 28/07/2025 22/12/2011 كتب
Implemented & Customized by: BBB with SCIT (Smart Chains for Information Technology)

Powered by Koha